Miasta z populacją powyżej 30 tysięcy - Statystyki

Ogólne statystyki
  • Ten quiz został rozwiązany 266 razy
  • Średni wynik to 89 z 155
Statystyki odpowiedzi
Województwo Populacja Odpowiedź % Poprawnych
Dolnośląskie 639 258 Wrocław
93%
Mazowieckie 1 769 529 Warszawa
89%
Śląskie 295 449 Katowice
88%
Małopolskie 769 498 Kraków
86%
Pomorskie 464 829 Gdańsk
85%
Łódzkie 687 702 Łódź
85%
Kujawsko-Pomorskie 351 254 Bydgoszcz
84%
Lubelskie 339 811 Lublin
84%
Pomorskie 246 204 Gdynia
83%
Kujawsko-Pomorskie 202 482 Toruń
83%
Wielkopolskie 537 643 Poznań
82%
Zachodniopomorskie 403 274 Szczecin
81%
Mazowieckie 213 910 Radom
80%
Dolnośląskie 113 100 Wałbrzych
80%
Śląskie 223 322 Częstochowa
79%
Dolnośląskie 79 686 Jelenia Góra
79%
Podkarpackie 190 849 Rzeszów
79%
Zachodniopomorskie 46 481 Kołobrzeg
78%
Lubuskie 140 113 Zielona Góra
78%
Podlaskie 297 403 Białystok
77%
Warmińsko-Mazurskie 173 125 Olsztyn
77%
Opolskie 128 224 Opole
77%
Świętokrzyskie 196 335 Kielce
76%
Pomorskie 36 328 Sopot
76%
Małopolskie 109 358 Tarnów
76%
Śląskie 173 784 Zabrze
76%
Śląskie 180 708 Gliwice
75%
Dolnośląskie 100 081 Legnica
75%
Warmińsko-Mazurskie 120 568 Elbląg
74%
Lubuskie 124 177 Gorzów Wielkopolski
74%
Zachodniopomorskie 107 692 Koszalin
74%
Mazowieckie 120 403 Płock
73%
Śląskie 203 094 Sosnowiec
73%
Podlaskie 69 693 Suwałki
73%
Kujawsko-Pomorskie 111 319 Włocławek
72%
Śląskie 171 277 Bielsko-Biała
71%
Małopolskie 83 958 Nowy Sącz
71%
Śląskie 167 672 Bytom
70%
Śląskie 128 049 Tychy
70%
Śląskie 108 668 Chorzów
69%
Dolnośląskie 72 737 Lubin
69%
Podkarpackie 61 509 Przemyśl
69%
Lubelskie 64 099 Zamość
69%
Kujawsko-Pomorskie 95 354 Grudziądz
68%
Kujawsko-Pomorskie 73 318 Inowrocław
68%
Wielkopolskie 73 693 Piła
68%
Zachodniopomorskie 40 967 Świnoujście
68%
Lubelskie 63 029 Chełm
67%
Warmińsko-Mazurskie 61 749 Ełk
67%
Wielkopolskie 68 729 Gniezno
67%
Łódzkie 74 004 Piotrków Trybunalski
67%
Śląskie 120 777 Dąbrowa Górnicza
66%
Wielkopolskie 101 279 Kalisz
66%
Wielkopolskie 74 472 Konin
66%
Mazowieckie 61 518 Pruszków
66%
Pomorskie 91 225 Słupsk
65%
Śląskie 138 919 Rybnik
64%
Lubelskie 57 498 Biała Podlaska
63%
Dolnośląskie 67 932 Głogów
63%
Wielkopolskie 64 023 Leszno
63%
Pomorskie 38 688 Malbork
63%
Śląskie 138 215 Ruda Śląska
63%
Zachodniopomorskie 68 069 Stargard
63%
Opolskie 61 357 Kędzierzyn-Koźle
62%
Podkarpackie 46 532 Krosno
62%
Podlaskie 63 089 Łomża
60%
Łódzkie 65 547 Pabianice
60%
Mazowieckie 77 732 Siedlce
60%
Podkarpackie 47 226 Tarnobrzeg
58%
Łódzkie 57 694 Bełchatów
56%
Małopolskie 33 358 Nowy Targ
56%
Małopolskie 38 516 Oświęcim
56%
Podkarpackie 37 869 Sanok
56%
Dolnośląskie 57 416 Świdnica
56%
Pomorskie 49 864 Wejherowo
56%
Podkarpackie 60 589 Mielec
55%
Łódzkie 48 296 Skierniewice
55%
Mazowieckie 54 172 Legionowo
54%
Opolskie 44 243 Nysa
54%
Lubelskie 47 983 Puławy
54%
Podlaskie 30 265 Augustów
53%
Śląskie 89 353 Jastrzębie-Zdrój
53%
Śląskie 74 578 Mysłowice
53%
Mazowieckie 52 461 Ostrołęka
53%
Łódzkie 62 970 Tomaszów Mazowiecki
53%
Łódzkie 56 528 Zgierz
53%
Śląskie 91 758 Jaworzno
52%
Mazowieckie 47 929 Piaseczno
52%
Podkarpackie 61 587 Stalowa Wola
51%
Pomorskie 60 153 Tczew
51%
Mazowieckie 44 251 Ciechanów
50%
Warmińsko-Mazurskie 33 236 Iława
50%
Dolnośląskie 37 317 Oleśnica
50%
Świętokrzyskie 69 443 Ostrowiec Świętokrzyski
50%
Wielkopolskie 72 203 Ostrów Wielkopolski
50%
Mazowieckie 44 865 Otwock
50%
Łódzkie 46 245 Radomsko
50%
Pomorskie 48 014 Starogard Gdański
50%
Zachodniopomorskie 40 220 Szczecinek
50%
Śląskie 61 335 Tarnowskie Góry
50%
Śląskie 57 067 Będzin
49%
Śląskie 34 778 Cieszyn
49%
Pomorskie 48 832 Rumia
49%
Śląskie 67 330 Siemianowice Śląskie
49%
Łódzkie 42 461 Sieradz
49%
Śląskie 50 185 Świętochłowice
48%
Opolskie 35 995 Brzeg
47%
Podkarpackie 37 836 Jarosław
47%
Łódzkie 44 333 Kutno
47%
Mazowieckie 40 673 Mińsk Mazowiecki
47%
Zachodniopomorskie 32 835 Police
47%
Śląskie 31 496 Żywiec
47%
Śląskie 55 450 Piekary Śląskie
46%
Dolnośląskie 30 607 Zgorzelec
46%
Małopolskie 30 011 Bochnia
45%
Dolnośląskie 39 039 Bolesławiec
45%
Pomorskie 39 900 Chojnice
45%
Małopolskie 37 004 Chrzanów
45%
Mazowieckie 37 115 Wołomin
45%
Lubuskie 37 789 Żary
45%
Śląskie 62 309 Żory
45%
Podkarpackie 45 938 Dębica
44%
Podkarpackie 35 336 Jasło
44%
Lubuskie 38 999 Nowa Sól
44%
Śląskie 55 022 Racibórz
44%
Świętokrzyskie 45 639 Skarżysko-Kamienna
44%
Dolnośląskie 32 899 Oława
43%
Warmińsko-Mazurskie 33 178 Ostróda
43%
Śląskie 48 195 Wodzisław Śląski
42%
Śląskie 49 704 Zawiercie
42%
Małopolskie 35 772 Olkusz
41%
Mazowieckie 31 181 Grodzisk Mazowiecki
40%
Pomorskie 35 445 Lębork
40%
Świętokrzyskie 49 279 Starachowice
40%
Lubelskie 39 538 Świdnik
40%
Mazowieckie 40 139 Żyrardów
40%
Dolnośląskie 33 535 Dzierżoniów
39%
Lubelskie 34 667 Kraśnik
38%
Pomorskie 30 690 Pruszcz Gdański
38%
Pomorskie 38 526 Kwidzyn
37%
Mazowieckie 33 286 Marki
37%
Mazowieckie 31 216 Mława
37%
Śląskie 40 616 Mikołów
36%
Mazowieckie 36 230 Ząbki
36%
Wielkopolskie 30 424 Września
35%
Mazowieckie 36 634 Sochaczew
34%
Śląskie 35 807 Czechowice-Dziedzice
32%
Śląskie 31 874 Myszków
31%
Wielkopolskie 30 649 Swarzędz
30%
Łódzkie 42 222 Zduńska Wola
30%
Lubelskie 30 215 Łuków
29%
Śląskie 38 442 Knurów
27%
Śląskie 31 766 Czeladź
26%
Wielkopolskie 31 720 Luboń
23%
Dolnośląskie 30 111 Bielawa
21%
Nie znaleziono quizów pasujących do podanych kryteriów
Rozkład punktacji
Procent ludzi z każdym wynikiem
Percentyl według liczby udzielonych odpowiedzi
Twoja historia wyników
Nie rozwiązałeś tego quizu